| 000 | 01249cam a2200253 4500 | ||
|---|---|---|---|
| 001 | WB3740-02 | ||
| 008 | 011024n2001 000 0 eng u | ||
| 035 | _a(Sirsi) u115270 | ||
| 245 | _aSafety audit on public sector projects | ||
| 260 | _c2001 | ||
| 490 |
_aBuilding _v266(8206) 19 October 2001, 11(1) |
||
| 520 | _aGovernment uses health and safety criteria to assess contractors bidding for government work. The Office of Government Commerce (OGC) document, "Achieving Excellence Through Health and Safety", states that government departments and agencies be at the forefront in best practice procurement to improve safety. Construction companies are under increasing pressure to improve health and safety since the HSE issued figures in June 2001 revealing that deaths had risen 25%. OGC will publish an annual report of the health and safety performance of public sector bodies. | ||
| 590 | _aWB | ||
| 650 |
_aHEALTH AND SAFETY _96244 |
||
| 650 | _aCONSTRUCTION COMPANIES | ||
| 650 | _aCONTRACTORS | ||
| 650 | _aPROCUREMENT GUIDELINES | ||
| 650 | _aHSE | ||
| 650 | _aGOVERNMENT CONTRACTS | ||
| 650 | _aOFFICE OF GOVERNMENT COMMERCE | ||
| 650 | _aPUBLIC SECTOR | ||
| 690 | _aBUILT ENVIRONMENT-BUILDING STANDARDS | ||
| 942 | _n0 | ||
| 999 |
_c68653 _d68653 |
||